<?xml version="1.0" encoding="UTF-8"?>
<collection xmlns:xsi="http://www.w3.org/2001/XMLSchema-instance" xsi:schemaLocation="http://www.loc.gov/MARC21/slim http://www.loc.gov/standards/marcxml/schema/MARC21slim.xsd" xmlns="http://www.loc.gov/MARC21/slim">
 <record>
  <leader>00000cja a22000003a 4500</leader>
  <controlfield tag="001">UP-99796217612138110</controlfield>
  <controlfield tag="003">Buklod</controlfield>
  <controlfield tag="005">20160628155550.0</controlfield>
  <controlfield tag="006">a     r    |||| u|</controlfield>
  <controlfield tag="007">ta</controlfield>
  <controlfield tag="008">160628s1980    xx     d|||||||||||||| | </controlfield>
  <datafield tag="035" ind1=" " ind2=" ">
   <subfield code="a">(iLib)UPD-00256406694</subfield>
  </datafield>
  <datafield tag="040" ind1=" " ind2=" ">
   <subfield code="a">DLC</subfield>
   <subfield code="c">DLC</subfield>
   <subfield code="d">DLC</subfield>
   <subfield code="d">DMUE</subfield>
  </datafield>
  <datafield tag="041" ind1="0" ind2=" ">
   <subfield code="d">mul</subfield>
   <subfield code="e">jpn</subfield>
   <subfield code="e">eng</subfield>
   <subfield code="h">mul</subfield>
   <subfield code="g">jpn</subfield>
   <subfield code="g">eng</subfield>
   <subfield code="h">jpn</subfield>
  </datafield>
  <datafield tag="090" ind1=" " ind2=" ">
   <subfield code="a">THAI LP 0006</subfield>
  </datafield>
  <datafield tag="245" ind1="0" ind2="0">
   <subfield code="a">Music of the minorities in the northwestern Thailand</subfield>
   <subfield code="h">[sound recording]</subfield>
   <subfield code="c">supervision, recording, and photography, Ruriko Uchida.</subfield>
  </datafield>
  <datafield tag="264" ind1=" " ind2="1">
   <subfield code="a">Japan</subfield>
   <subfield code="b">Victor</subfield>
   <subfield code="c">p1980</subfield>
  </datafield>
  <datafield tag="300" ind1=" " ind2=" ">
   <subfield code="a">3 sound discs</subfield>
   <subfield code="b">analog, 33 1/3 rpm, stereo</subfield>
   <subfield code="c">31 cm</subfield>
  </datafield>
  <datafield tag="500" ind1=" " ind2=" ">
   <subfield code="a">Victor SJ-1010--SJ-1012</subfield>
  </datafield>
  <datafield tag="500" ind1=" " ind2=" ">
   <subfield code="a">Victor: SJ-1010--SJ-1012</subfield>
  </datafield>
  <datafield tag="500" ind1=" " ind2=" ">
   <subfield code="a">Title from container; title on labels and container also in Japanese</subfield>
  </datafield>
  <datafield tag="500" ind1=" " ind2=" ">
   <subfield code="a">Folk songs, sung in various languages, and folk music of various peoples of northwestern Thailand</subfield>
  </datafield>
  <datafield tag="500" ind1=" " ind2=" ">
   <subfield code="a">Program notes and free translations of song texts by Uchida in Japanese with English translation (36 p : ill) in container</subfield>
  </datafield>
  <datafield tag="505" ind1="0" ind2=" ">
   <subfield code="a">The Karen -- The Akha and the Lisu -- The Lahu -- The Meo -- The Yao, the Lawa, and the Mon -- The Thai-Lu and the Shan</subfield>
  </datafield>
  <datafield tag="518" ind1=" " ind2=" ">
   <subfield code="a">Recorded in northwestern Thailand, 1975-1980</subfield>
  </datafield>
  <datafield tag="650" ind1=" " ind2="0">
   <subfield code="a">Folk music --</subfield>
   <subfield code="z">Thailand.</subfield>
  </datafield>
  <datafield tag="650" ind1=" " ind2="0">
   <subfield code="a">Folk songs --</subfield>
   <subfield code="z">Thailand.</subfield>
  </datafield>
  <datafield tag="700" ind1="1" ind2=" ">
   <subfield code="a">Uchida, Ruriko</subfield>
   <subfield code="d">1920-1992.</subfield>
  </datafield>
  <datafield tag="905" ind1=" " ind2=" ">
   <subfield code="a">FO</subfield>
  </datafield>
  <datafield tag="852" ind1="0" ind2=" ">
   <subfield code="a">UPD</subfield>
   <subfield code="b">DMUE</subfield>
   <subfield code="h">THAI LP 0006</subfield>
  </datafield>
  <datafield tag="942" ind1=" " ind2=" ">
   <subfield code="a">Music</subfield>
  </datafield>
 </record>
</collection>
